Books of faith and power / (Record no. 6148)
[ view plain ]
| 000 -LEADER | |
|---|---|
| fixed length control field | 00762nam a22001817a 4500 |
| 003 - CONTROL NUMBER IDENTIFIER | |
| control field | GBCCL |
| 005 - DATE AND TIME OF LATEST TRANSACTION | |
| control field | 20241126110557.0 |
| 008 - FIXED-LENGTH DATA ELEMENTS--GENERAL INFORMATION | |
| fixed length control field | 180501b ||||| |||| 00| 0 eng d |
| 040 ## - CATALOGING SOURCE | |
| Transcribing agency | gbc |
| 082 ## - DEWEY DECIMAL CLASSIFICATION NUMBER | |
| Classification number | 261.58 |
| Item number | MCN |
| 100 ## - MAIN ENTRY--PERSONAL NAME | |
| Personal name | McNeill, John T. |
| 9 (RLIN) | 11056 |
| 245 ## - TITLE STATEMENT | |
| Title | Books of faith and power / |
| Statement of responsibility, etc. | John T. McNeill |
| 260 ## - PUBLICATION, DISTRIBUTION, ETC. | |
| Place of publication, distribution, etc. | New York: |
| Name of publisher, distributor, etc. | Harper & Brothers, |
| Date of publication, distribution, etc. | 1947 |
| 300 ## - PHYSICAL DESCRIPTION | |
| Extent | 183 p.; |
| Dimensions | 20 cm. |
| 505 ## - FORMATTED CONTENTS NOTE | |
| Formatted contents note | On Christian liberty / Martin Luther --<br/>Institutes of the Christian religion / John Calvin --<br/>The laws of ecclesiastical polity / Richard Hooker --<br/>The pilgrim's progress / John Bunyan --<br/>A serious call to a devout and holy life / William Law --<br/>Journal / John Wesley |
| 650 ## - SUBJECT ADDED ENTRY--TOPICAL TERM | |
| Topical term or geographic name entry element | Christian literature |
| General subdivision | History and criticism |
| 9 (RLIN) | 2904 |
| 942 ## - ADDED ENTRY ELEMENTS (KOHA) | |
| Source of classification or shelving scheme | Dewey Decimal Classification |
| Koha item type | Books |
| Koha issues (borrowed), all copies | 1 |
| Withdrawn status | Lost status | Source of classification or shelving scheme | Damaged status | Not for loan | Home library | Current Library | Shelving location | Date acquired | Total checkouts | Full call number | Barcode | Date last seen | Date last checked out | Copy number | Price effective from | Koha item type |
|---|---|---|---|---|---|---|---|---|---|---|---|---|---|---|---|---|
| Dewey Decimal Classification | GRACE BIBLE COLLEGE | GRACE BIBLE COLLEGE | Ministry & Mission | 2018-05-02 | 1 | 261.58 MCN | 007518 | 2025-05-01 | 2024-08-26 | c.1 | 2018-05-02 | Books |